003730000a220012100045001000029000007000025000292450079000546510021001336510035001540410014001890440013002037730035002161 aGarzón Venegas, Javier1 aOrozco, Clara Inés10aDeprea Cyanocarpa (Solanaceae, physaleae)suna nueva especie para Colombia 4pColombiadTolima 4dTolimalCañón del Combeima0 aEspañol aColombia1 tCaldasiah2q219-227d2007g29